| 000 | 01156cam a2200313 a 4500 | ||
|---|---|---|---|
| 001 | 1121 | ||
| 005 | 20230815105309.0 | ||
| 008 | 060223s2006 nyua j 000 1 eng d | ||
| 020 | _a9781423104223 (pbk.) | ||
| 020 | _a1423104226 (pbk.) | ||
| 020 | _a9781423104223 | ||
| 040 |
_aJJG _cJJG _dBAKER _dOCO _dBTCTA _dD8D _dXY4 _dDLC _beng |
||
| 050 | 0 | 0 |
_aPZ7.G75149 _bHit 2005 |
| 082 | 0 | 0 |
_a[Fic] _222 |
| 100 | 1 | _aGrace, N. B. | |
| 245 | 1 | 0 |
_aHigh school musical : _bthe junior novel / _cadapted by N.B. Grace. |
| 250 | _aFirst Edition | ||
| 260 |
_aNew York : _bDisney Press, _c2006. |
||
| 300 |
_a139 pages : _bcolor illustrations : _c20 cm |
||
| 500 | _a"Based on the Disney Channel original movie "High School Musical", written by Peter Barsocchini." | ||
| 500 | _a"With 8 pages of photos of the stars"--P. [1] of Cover. | ||
| 505 | _aQ | ||
| 520 | _aA shy, studious student and the captain of the basketball team secretly audition for the school musical leads. | ||
| 521 |
_a710
_bLexile |
||
| 521 |
_aQ
_bRaz-Plus |
||
| 700 | 1 |
_aBarsocchini, Peter _d1952- |
|
| 906 |
_a7 _bcbc _ccopycat _d2 _encip _f20 _gy-gencatlg |
||
| 942 |
_2ddc _cBK _n0 |
||
| 999 |
_c1121 _d1121 |
||